| 000 | 00696nam a2200181 4500 | ||
|---|---|---|---|
| 001 | 122318 | ||
| 003 | ES-MaACL | ||
| 005 | 20230906191943.0 | ||
| 007 | t| | ||
| 008 | 070214s1981 sp r ||||1| spa d | ||
| 100 | 1 |
_aPrieto Escudero, Germán. _993926 |
|
| 245 | 1 | 3 |
_aEl paro _b: sus causas y sus remedios / _cGermán Prieto Escudero. |
| 260 |
_aMadrid : _b[Real Academia de Ciencias Morales y Políticas], _c1981. |
||
| 300 |
_a194 p. ; _c24 cm. |
||
| 500 | _aMemoria premiada por la Real Academia de Ciencias Morales y Políticas en el concurso ordinario de 1977 a 1979. | ||
| 710 | 2 |
_aReal Academia de Ciencias Morales y Políticas (España) _96299 |
|
| 852 |
_aES-MaACL _jL-7093 _bR.108094 |
||
| 999 |
_c122318 _d122318 |
||